|
|
|
|
| LEADER |
00744nam a2200277 4500 |
| 001 |
DLU040029568 |
| 005 |
##11/2/1998 |
| 041 |
# |
# |
|a eng
|
| 082 |
# |
# |
|a 530
|b SE-R
|
| 100 |
# |
# |
|a Serway, Raymond A.
|
| 245 |
# |
# |
|a College physics /
|c Raymond A. Serway, Jerry S. Faughn
|
| 250 |
# |
# |
|a 4th ed.
|
| 260 |
# |
# |
|a Ft. Worth :
|b Saunders College Pub.,
|c c1995
|
| 300 |
# |
# |
|a xxv, 1042, 30, 15 p. :
|b ill. (some col.) ;
|c 27 cm
|
| 490 |
# |
# |
|a Saunders golden sunburst series
|
| 504 |
# |
# |
|a Includes bibliographies and indexes
|
| 700 |
# |
# |
|a Faughn, Jerry S.
|
| 992 |
# |
# |
|a 42000
|
| 994 |
# |
# |
|a DLU
|
| 900 |
# |
# |
|a True
|
| 911 |
# |
# |
|a Thái Thị Thanh Thủy
|
| 925 |
# |
# |
|a G
|
| 926 |
# |
# |
|a A
|
| 927 |
# |
# |
|a SH
|
| 980 |
# |
# |
|a Thư viện Trường Đại học Đà Lạt
|